Integrar la perspectiva de género: un difícil reto individual y colectivo /

Bewaard in:
Bibliografische gegevens
Hoofdauteur: Zúñiga Bolaños, Rosario
Formaat: Texto
Onderwerpen:
Tags: Voeg label toe
Geen labels, Wees de eerste die dit record labelt!

MARC

LEADER 00000 a a2200000 04500
001 2605
003
040
100 |a Zúñiga Bolaños, Rosario  
245 |a Integrar la perspectiva de género:   |b un difícil reto individual y colectivo /  |c Rosario Zúñiga Bolaños 
650 |a TEORIA  
650 |a DISCRIMINACION BASADA EN EL SEXO  
650 |a MUJERES  
650 |a ETNOGRAFIA  
650 |a GRUPOS MINORITARIOS  
650 |a FAMILIA  
650 |a MUJERES  
650 |a HOMBRES  
650 |a COOPERACION INTERNACIONAL  
773 |g volumen 7, número 10; páginas 54-63  
999 |c 29526  |d 29526